| 000 | 00000nam##2200000za#4500 |
| 001 | 9.642299 |
| 003 | CaOODSP |
| 005 | 20210624223631 |
| 007 | cr ||||||||||| |
| 008 | 150407|2005||||xxc|||||o f|0| 0 fre|d |
| 040 | |aCaOODSP|bfre |
| 043 | |an-cn--- |
| 086 | 1 |aEn134-60/2005F-PDF |
| 110 | 2 |aTable ronde nationale sur l'environnement et l'économie (Canada) |
| 245 | 10|aLes terrains abandonnés au Canada – Retour au vert : |h[ressource électronique]|bCadre national visant à encourager le réaménagement des sites contaminés admissibles par l'élimination des privilèges de l'État et des arriérés de taxes / |cpréparé pour le gouvernement du Canada, les gouvernements provinciaux et les municipalités par la Table ronde nationale sur l'environnement et l'économie, et le Canadian Brownfields Network. |
| 246 | 17|aLes terrains abandonnés au Canada – Retour au vert : élimination des privilèges et des arriérés de taxes |
| 260 | |aOttawa - Ontario : |bTable ronde nationale sur l'environnement et l'économie |c2005. |
| 300 | |a23p.|bphotographies |
| 590 | |a13-18-Supp|b2013-08-01 |
| 775 | 08|tGreening Canada's brownfields : |w(CaOODSP)9.698286 |
| 856 | 40|ahttp://publications.gc.ca|qPDF|s153 Ko|uhttps://publications.gc.ca/collections/collection_2013/trnee-nrtee/En134-60-2005-fra.pdf |